| 000 | 00415cam a2200169ua 4500 | ||
|---|---|---|---|
| 020 | _c100.00 | ||
| 041 |
_aeng _h |
||
| 082 |
_a519.062 _bGUP/EN |
||
| 100 | _aGupta, K K . | ||
| 245 |
_aEngineering mathematics / _cK K Gupta. _hTextual Documents |
||
| 250 |
_a1 / _b. |
||
| 260 |
_aNew Delhi : _bSatya Prakshan , _c1994. |
||
| 300 | _a1029 ; . | ||
| 365 | _a100.00 | ||
| 942 | _cBK | ||
| 999 |
_c9843 _d9843 |
||